| 000 | 00611nam a22002177a 4500 | ||
|---|---|---|---|
| 003 | ITZ | ||
| 005 | 20240201102344.0 | ||
| 008 | 240201b |||||||| |||| 00| 0 spa d | ||
| 020 | _a978-607-526-524-7 | ||
| 035 | _a17615 | ||
| 041 | _aspa | ||
| 050 |
_aHD38.5 _bC69 2018 |
||
| 082 |
_a658.522 _bC881a 2018 |
||
| 100 | 1 | _aCoyle, John Joseph | |
| 245 |
_aAdministracion de la cadena de suministros: _buna perspectiva logistica _cJohn J. Coyle |
||
| 250 | _a10 | ||
| 260 |
_aMexico: _bCengaje Learning _c2018 |
||
| 300 |
_axxx, 506 p, _bil./ _c27 cm. |
||
| 650 | _a1. LOGISTICA EN LOS NEGOCIOS | ||
| 942 | _cBK | ||
| 999 |
_c29231 _d29231 |
||